Statistiques concernant Théâtres nationaux français

Cliquez ici pour prendre le quiz!

Statistiques générales

  • Ce quiz a été pris 23 fois
  • Le résultat moyen est 3 sur 6

Statistiques - réponses

HintRéponse% Correct
ParisLa Comédie Française
100%
ParisL'Odéon
70%
ParisLa Colline
50%
ParisChaillot
25%
ParisL'Opéra Comique
15%
StrasbourgThéâtre de Strasbourg
15%

Distribution des résultats

Percentile par nombre de réponses

% des personnes avec chaque résultat

Votre développement - résultats

Vous n’avez pas pris ce quiz